000
00271nmm a2200085Ia 4500
008
220120s9999||||xx |||||||||||||||||und||
100
_a
Chandrupatla, Tirupathi R and Belegundu, Ashok D
245
0
_a
Introduction to finite elements in engineering
260
_a
Tata mcgraw hill
999
_c
139516
_d
139516